000 00260nam a22001217a 4500
003 SGT
082 _a616.0757
_bU07B
100 _aBIANCHI,S
245 _aULTRASOUND OF THE MUSCULOSKELETAL SYSTEM
260 _bSPRINGER
_c2007
300 _a974
942 _2ddc
_cBK
999 _c14310
_d14310